| 000 | 00866nam a2200229Ia 4500 | ||
|---|---|---|---|
| 008 | 150520s9999 xx 000 0 und d | ||
| 050 | _aBF 432.5.C64 | ||
| 050 | _b.B363 2014 | ||
| 100 | _aBanaban, Ann Erika. | ||
| 245 | _aGrit factor and its correlation to cognitive achievement, clinical performance and professional aptitude among fourth year nursing students of Southville international school and colleges / | ||
| 245 | _cAnn Erika Banaban, Daniel Cabacoy, Katrina Catig, Alexandra Del Rosario, and Aries Ercia. | ||
| 260 | _aLas PiƱas, Philippines : | ||
| 260 | _bSISC, | ||
| 260 | _c2014. | ||
| 300 | _a55 pages : | ||
| 300 | _billustrations ; | ||
| 300 | _c28 cm. | ||
| 500 | _aIncludes bibliographical references and appendices. | ||
| 650 | _aClinical Performance | ||
| 650 | _aCognitive Achievement | ||
| 650 | _aProfessional Aptitude | ||
| 999 |
_c284031 _d284031 |
||